Normal view
MARC view
Entry Personal Name
001 - CONTROL NUMBER
- control field: 17248
003 - CONTROL NUMBER IDENTIFIER
- control field: HDC
005 - DATE AND TIME OF LATEST TRANSACTION
- control field: 20230624073512.0
008 - FIXED-LENGTH DATA ELEMENTS
- fixed length control field: 210226|| aca||aabn | a|a d
040 ## - CATALOGING SOURCE
- Original cataloging agency: HDC
- Transcribing agency: HDC
100 ## - HEADING--PERSONAL NAME
- Personal name: Buffery, Vicky
670 ## - SOURCE DATA FOUND
- Source citation: Work cat.: (HDC): Buffery, Vicky, author, Paris sees increase in new restaurants with halal cuisine /, 2009
